Football Clubs - Statistics

General Stats
  • This quiz has been taken 24 times
  • The average score is 11 of 16
Answer Stats
Picture Answer % Correct
Barcelona
95%
Real Madrid
95%
Manchester City
90%
Dortmund
85%
Juventus
85%
Köln
80%
Atletico Madrid
75%
Inter
75%
Getafe
70%
Porto
65%
Schalke
65%
Nürnberg
55%
Sevilla
50%
Bologna
45%
Girona
45%
Kaiserslautern
35%
No matching quizzes found
Score Distribution
Percent of People with Each Score
Percentile by Number Answered
Your Score History
You have not taken this quiz